000 00469nam a2200133Ia 4500
008 100328s9999 xx 000 0 und d
082 _b69723
100 _aकुलकर्णी नलिनी.
245 _aश्री विश्वकर्मा पुराण.
260 _bउमा.
630 _aश्री विश्वकर्मा पुराण.
730 _aश्री विश्वकर्मा पुराण.
942 _cBOOK
999 _c555453
_d555450